00455nam a2200181Ia 4500003000400000005001700004008004100021020002200062040000700084041000800091082001500099100002100114245004800135260003900183300001500222365001300237650002300250OSt20230605121642.0210423s2018 xx 000 0 und d a978-81-291-0345-1 cAL aeng a158.1 MISP aMISHRA (Rajiv K) aPersonality development: transform yourself aNew DelhibRupa Publicationsc2018 axi,284bPB b195cINR aApplied Psychology